[Event "Jack Taylor mrm."]
[Site "Sidney CAN"]
[Date "2023.11.11"]
[Round "2.4"]
[White "Fiander, Travis"]
[Black "Mingrone, Peter"]
[Result "0-1"]
[WhiteElo "1286"]
[BlackElo "1725"]
[PlyCount "110"]
[EventDate "2023.11.11"]
[EventType "swiss"]
[EventRounds "5"]
[EventCountry "CAN"]

1. b3 d6 2. Bb2 e5 3. e3 Nf6 4. d4 Nbd7 5. Nf3 Qe7 6. d5 g6 7. c4 Bg7 8. Nc3
O-O 9. e4 a5 10. Bd3 Nh5 11. O-O f5 12. exf5 gxf5 13. Bc2 Ndf6 14. Re1 Bh6 15.
Bc1 Qg7 16. Nh4 Bxc1 17. Rxc1 Qg5 18. g3 Bd7 19. Kh1 Kh8 20. Qd3 Ng4 21. Rf1
Qxc1 22. Rxc1 Nxf2+ 23. Kg1 Nxd3 24. Bxd3 Ng7 25. Rf1 Kg8 26. Nd1 Rf7 27. Ne3
Raf8 28. Neg2 Rf6 29. Bc2 c6 30. Rd1 cxd5 31. Rxd5 b6 32. a3 Bc6 33. Rd2 Be4
34. Bd1 Rd8 35. Ne3 Ne6 36. Rf2 Nd4 37. g4 f4 38. Nf1 Rf7 39. h3 Kf8 40. Nd2
Bb7 41. Be2 Ke7 42. Bd3 d5 43. cxd5 Bxd5 44. Rf1 Rc8 45. Rb1 Rc3 46. Be4 Bxb3
47. Nxb3 Rxb3 48. Rxb3 Nxb3 49. Bd5 Nd4 50. Bxf7 Kxf7 51. Kf2 b5 52. Ke1 b4 53.
axb4 axb4 54. Kd2 f3 55. Ke3 b3 0-1

[Event "Jack Taylor mrm."]
[Site "Sidney CAN"]
[Date "2023.11.11"]
[Round "2.5"]
[White "Moore, Jonathan"]
[Black "Hack, Don"]
[Result "1-0"]
[WhiteElo "1646"]
[BlackElo "1210"]
[PlyCount "63"]
[EventDate "2023.11.11"]
[EventType "swiss"]
[EventRounds "5"]
[EventCountry "CAN"]

1. d4 d5 2. Nf3 Nf6 3. Bg5 Nbd7 4. Nbd2 e6 5. e3 Be7 6. Bd3 O-O 7. O-O h6 8.
Bh4 c6 9. Re1 b6 10. Ne5 Bb7 11. f4 c5 12. c3 Rc8 13. Qe2 c4 14. Bc2 b5 15.
Bxf6 Nxf6 16. Rf1 Nd7 17. Ndf3 f5 18. Nxd7 Qxd7 19. Ne5 Qe8 20. Kh1 Bd6 21. Rf2
Bxe5 22. fxe5 Qe7 23. Raf1 Rf7 24. g4 g6 25. gxf5 gxf5 26. Rg2+ Rg7 27. Rfg1
Rg5 28. Qh5 Rxg2 29. Rxg2+ Kh7 30. Qg6+ Kh8 31. Qxh6+ Qh7 32. Qf6+ 1-0

[Event "Jack Taylor mrm."]
[Site "Sidney CAN"]
[Date "2023.11.11"]
[Round "3.1"]
[White "Mingrone, Peter"]
[Black "Williamson, Jason"]
[Result "0-1"]
[WhiteElo "1725"]
[BlackElo "1874"]
[PlyCount "90"]
[EventDate "2023.11.11"]
[EventType "swiss"]
[EventRounds "5"]
[EventCountry "CAN"]

1. e4 c5 2. Nf3 Nc6 3. d4 cxd4 4. Nxd4 Nf6 5. Nc3 e5 6. Ndb5 d6 7. Bg5 a6 8.
Bxf6 gxf6 9. Na3 b5 10. Nd5 f5 11. Bxb5 axb5 12. Nxb5 Ra4 13. Nbc7+ Kd7 14. O-O
Rxe4 15. Qh5 Nd4 16. c3 Ne2+ 17. Kh1 Kc6 18. g3 Rg4 19. Rfe1 Nf4 20. gxf4 Bb7
21. Qxf7 Rg7 22. Qh5 Rxc7 23. Nxc7 Kxc7+ 24. f3 Qd7 25. fxe5 dxe5 26. Rxe5 Bc8
27. Ree1 Bc5 28. Rad1 Qc6 29. Qf7+ Kb8 30. Qd5 Bb7 31. Qxc6 Bxc6 32. Rd3 Kc7
33. b4 Rd8 34. bxc5 Rxd3 35. Re7+ Rd7 36. Re3 f4 37. Re1 Bxf3+ 38. Kg1 Rd1 39.
Rxd1 Bxd1 40. Kg2 Kc6 41. a4 Bxa4 42. Kf3 Kxc5 43. Kxf4 Kc4 44. Kg5 Kxc3 45.
Kh6 Bc2 0-1

[Event "Jack Taylor mrm."]
[Site "Sidney CAN"]
[Date "2023.11.11"]
[Round "3.2"]
[White "Moore, Jonathan"]
[Black "Yonkman, Trevor"]
[Result "1-0"]
[WhiteElo "1646"]
[BlackElo "1728"]
[PlyCount "81"]
[EventDate "2023.11.11"]
[EventType "swiss"]
[EventRounds "5"]
[EventCountry "CAN"]

1. d4 Nf6 2. Nf3 g6 3. Bg5 Bg7 4. Nbd2 d5 5. e3 Bg4 6. c3 Ne4 7. Bh4 Nxd2 8.
Qxd2 Bxf3 9. gxf3 Nd7 10. Bd3 c6 11. f4 f5 12. O-O-O b5 13. Kb1 a5 14. f3 Rb8
15. e4 fxe4 16. fxe4 b4 17. exd5 bxc3 18. Qxc3 c5 19. Bf2 O-O 20. f5 Qb6 21.
Rhe1 cxd4 22. Qa3 Nc5 23. Rxe7 Nxd3 24. Rxd3 Rxf5 25. Rxg7+ Kxg7 26. Bxd4+ Qxd4
27. Rxd4 Rf1+ 28. Kc2 Rf2+ 29. Rd2 Rc8+ 30. Kd1 Rf1+ 31. Ke2 Rcf8 32. Qe7+ R8f7
33. Qe5+ Kg8 34. Kd3 R7f5 35. Qe6+ Kg7 36. Re2 Rd1+ 37. Kc4 a4 38. Qe7+ Rf7 39.
Qe5+ Kg8 40. Qe8+ Kg7 41. Re7 1-0

[Event "Jack Taylor mrm."]
[Site "Sidney CAN"]
[Date "2023.11.11"]
[Round "3.3"]
[White "Mu, Shaunavon"]
[Black "Lu, Samuel"]
[Result "1-0"]
[WhiteElo "1222"]
[BlackElo "1172"]
[PlyCount "109"]
[EventDate "2023.11.11"]
[EventType "swiss"]
[EventRounds "5"]
[EventCountry "CAN"]

1. d4 e6 2. c4 f5 3. Nc3 Nf6 4. g3 Bb4 5. Qb3 Be7 6. Bg2 c6 7. Nf3 d5 8. O-O
O-O 9. Ne5 Nbd7 10. Nd3 Re8 11. f3 Nf8 12. Be3 Ng6 13. Bf2 Qc7 14. Rac1 Qb6 15.
e4 Qxb3 16. axb3 fxe4 17. fxe4 dxc4 18. bxc4 Ng4 19. Bh3 Nxf2 20. Rxf2 Bf8 21.
Rcf1 Bd6 22. e5 Be7 23. Ne2 Bg5 24. Ndf4 Nxf4 25. Nxf4 g6 26. Rf3 Bxf4 27. Rxf4
Rd8 28. Rd1 Rb8 29. Bg2 Kg7 30. g4 Ra8 31. h4 Bd7 32. Rdf1 Rf8 33. g5 Rxf4 34.
Rxf4 Rf8 35. Rf6 a5 36. Bh3 Rd8 37. Kf2 b5 38. Ke3 bxc4 39. Bxe6 Bxe6 40. Rxe6
Rc8 41. Kd2 Kf7 42. Rd6 c5 43. d5 Rb8 44. e6+ Kg8 45. Kc3 Rb3+ 46. Kxc4 Rxb2
47. Rd8+ Kg7 48. e7 Re2 49. e8=Q Rxe8 50. Rxe8 a4 51. Ra8 h6 52. d6 a3 53. d7
a2 54. d8=Q Kf7 55. Qf6# 1-0

[Event "Jack Taylor mrm."]
[Site "Sidney CAN"]
[Date "2023.11.11"]
[Round "3.4"]
[White "Leong, Ryan"]
[Black "Barker, Rhyland"]
[Result "1-0"]
[WhiteElo "1897"]
[BlackElo "1301"]
[PlyCount "25"]
[EventDate "2023.11.11"]
[EventType "swiss"]
[EventRounds "5"]
[EventCountry "CAN"]

1. d4 Nf6 2. Nf3 e6 3. Nc3 Be7 4. Bf4 O-O 5. e3 a6 6. Bd3 d6 7. e4 Nbd7 8. e5
Ng4 9. h3 dxe5 10. hxg4 exf4 11. Bxh7+ Kh8 12. Qd3 Bg5 13. Bg8+ 1-0

[Event "Jack Taylor mrm."]
[Site "Sidney CAN"]
[Date "2023.11.11"]
[Round "3.5"]
[White "Cheng, Peter Qian"]
[Black "Fiander, Travis"]
[Result "1-0"]
[WhiteElo "1748"]
[BlackElo "1286"]
[PlyCount "67"]
[EventDate "2023.11.11"]
[EventType "swiss"]
[EventRounds "5"]
[EventCountry "CAN"]

1. e4 c5 2. d4 cxd4 3. c3 dxc3 4. Nxc3 Nc6 5. Nf3 g6 6. Bc4 Na5 7. Bxf7+ Kxf7
8. Qd4 Nf6 9. Ng5+ Ke8 10. e5 Bg7 11. exf6 Bxf6 12. Qa4 Qc7 13. O-O Bxc3 14.
bxc3 Qxc3 15. Be3 Nc6 16. Rac1 Qa5 17. Qc4 e6 18. Qh4 h5 19. Ne4 Qe5 20. Rfe1
Rf8 21. Bc5 Rf4 22. Qg3 Rxe4 23. Qxg6+ Kd8 24. Rxe4 Qb2 25. Rd1 Qc2 26. Qg8+
Kc7 27. Bd6+ Kb6 28. Ree1 a5 29. Qg3 Ka6 30. Rc1 Qxa2 31. Qd3+ b5 32. Rb1 Qa4
33. Rec1 Qd4 34. Rxc6+ 1-0

[Event "Jack Taylor mrm."]
[Site "Sidney CAN"]
[Date "2023.11.12"]
[Round "4.1"]
[White "Williamson, Jason"]
[Black "Moore, Jonathan"]
[Result "1-0"]
[WhiteElo "1874"]
[BlackElo "1646"]
[PlyCount "81"]
[EventDate "2023.11.11"]
[EventType "swiss"]
[EventRounds "5"]
[EventCountry "CAN"]

1. e4 e5 2. Nf3 Nc6 3. Bb5 a6 4. Ba4 Nf6 5. d3 b5 6. Bb3 Be7 7. c3 d6 8. O-O
O-O 9. Nbd2 Na5 10. Bc2 c5 11. Re1 Qc7 12. Nf1 Nc6 13. h3 Re8 14. Ng3 Nd8 15.
a4 Rb8 16. d4 cxd4 17. cxd4 Ne6 18. Nf5 Bf8 19. axb5 axb5 20. dxe5 dxe5 21. Be3
Bb7 22. Rc1 Rbd8 23. Qe2 Nd4 24. N5xd4 exd4 25. Nxd4 Qe7 26. Nf5 Qe5 27. f4
Qxb2 28. e5 Ne4 29. Rb1 Qa2 30. Ra1 Qd5 31. Bb6 Nc3 32. Qg4 Qxg2+ 33. Qxg2 Bxg2
34. Bxd8 Rxd8 35. Kxg2 Rd2+ 36. Kf3 Rxc2 37. Rac1 Rxc1 38. Rxc1 b4 39. Nd6 Bxd6
40. exd6 Kf8 41. Re1 1-0

[Event "Jack Taylor mrm."]
[Site "Sidney CAN"]
[Date "2023.11.12"]
[Round "4.2"]
[White "Patterson, Roger"]
[Black "Mu, Shaunavon"]
[Result "1-0"]
[WhiteElo "2014"]
[BlackElo "1222"]
[PlyCount "65"]
[EventDate "2023.11.11"]
[EventType "swiss"]
[EventRounds "5"]
[EventCountry "CAN"]

1. c4 Nf6 2. Nc3 g6 3. e4 d6 4. d4 c5 5. d5 Bg7 6. Be2 O-O 7. Nf3 Bg4 8. O-O
Nh5 9. h3 Bxf3 10. Bxf3 Nf6 11. Be3 h6 12. Qd2 Kh7 13. Rae1 Nbd7 14. Bd1 Nb6
15. Qd3 a6 16. f4 Rc8 17. e5 Ne8 18. e6 fxe6 19. dxe6 Nc7 20. f5 Rxf5 21. Rxf5
gxf5 22. Qxf5+ Kh8 23. Qe4 Qg8 24. Nd5 Nbxd5 25. cxd5 Ne8 26. Bc2 Nf6 27. Qh4
Qf8 28. Rf1 c4 29. g4 c3 30. b3 Qe8 31. Bxh6 Qg8 32. Rxf6 Bxf6 33. Bg5+ 1-0

[Event "Jack Taylor mrm."]
[Site "Sidney CAN"]
[Date "2023.11.12"]
[Round "4.3"]
[White "Leblanc, Paul"]
[Black "Leong, Ryan"]
[Result "0-1"]
[WhiteElo "1709"]
[BlackElo "1897"]
[PlyCount "68"]
[EventDate "2023.11.11"]
[EventType "swiss"]
[EventRounds "5"]
[EventCountry "CAN"]

1. d4 d5 2. c4 c6 3. Nf3 Nf6 4. Nc3 e6 5. Bg5 Nbd7 6. e3 Qa5 7. Nd2 Bb4 8. Qc2
Ne4 9. Ndxe4 dxe4 10. Bf4 O-O 11. Be2 e5 12. Bg3 f5 13. dxe5 Nxe5 14. O-O Be6
15. Bxe5 Qxe5 16. Rad1 Rf6 17. g3 Rh6 18. Qd2 Qf6 19. Qd4 Qg6 20. c5 Ba5 21.
Bc4 Bc7 22. Bxe6+ Qxe6 23. Qd7 Qe5 24. Qd4 Qe8 25. Ne2 Qh5 26. Qc4+ Kh8 27. h4
Qg4 28. Rd7 Rxh4 29. Qf7 Rh3 30. Nf4 Bxf4 31. exf4 Rg8 32. Qb3 Qh5 33. f3 Rh1+
34. Kf2 Qh2+ 0-1

[Event "Jack Taylor mrm."]
[Site "Sidney CAN"]
[Date "2023.11.12"]
[Round "4.4"]
[White "Allan, Phil"]
[Black "Cheng, Peter Qian"]
[Result "1-0"]
[WhiteElo "1665"]
[BlackElo "1748"]
[PlyCount "91"]
[EventDate "2023.11.11"]
[EventType "swiss"]
[EventRounds "5"]
[EventCountry "CAN"]

1. Nf3 Nf6 2. c4 c6 3. Nc3 d5 4. cxd5 cxd5 5. d4 Nc6 6. Bf4 Bf5 7. e3 e6 8. Rc1
Bd6 9. Ne5 O-O 10. Bd3 Bxd3 11. Nxd3 Bxf4 12. Nxf4 Rc8 13. g4 Qa5 14. O-O b5
15. g5 Nd7 16. Qg4 Rfd8 17. Nce2 Nf8 18. Nd3 Ne7 19. a3 Rxc1 20. Nexc1 Rc8 21.
Nb3 Qb6 22. Nbc5 a5 23. b4 axb4 24. axb4 Ra8 25. h4 Ra7 26. h5 Nd7 27. Rc1 Nxc5
28. Rxc5 Rc7 29. Qf4 Rxc5 30. dxc5 Qb7 31. Ne5 Nf5 32. Nc6 Kf8 33. Nd4 g6 34.
Nxf5 gxf5 35. Qe5 Ke7 36. Qd6+ Ke8 37. g6 fxg6 38. Qxe6+ Qe7 39. Qxe7+ Kxe7 40.
hxg6 hxg6 41. f4 Kf6 42. Kf2 Ke6 43. Kg3 Kf6 44. Kh4 Kg7 45. Kg5 Kf7 46. c6 1-0

[Event "Jack Taylor mrm."]
[Site "Sidney CAN"]
[Date "2023.11.12"]
[Round "4.5"]
[White "Yonkman, Trevor"]
[Black "Matz, Amadeus Balthasar"]
[Result "0-1"]
[WhiteElo "1728"]
[BlackElo "1175"]
[PlyCount "74"]
[EventDate "2023.11.11"]
[EventType "swiss"]
[EventRounds "5"]
[EventCountry "CAN"]

1. d4 d5 2. Nc3 Bf5 3. Bf4 e6 4. Nb5 Na6 5. e3 c6 6. Nc3 Nb4 7. Rc1 Qa5 8. Qd2
Nf6 9. a3 Nxc2+ 10. Rxc2 Bxc2 11. Qxc2 Ne4 12. Nge2 Be7 13. f3 Nf6 14. Nc1 Nh5
15. Bg3 Nxg3 16. hxg3 g6 17. Kf2 a6 18. Nd3 Qc7 19. Ne5 Rc8 20. Bd3 Bf6 21. Ng4
Bg7 22. f4 c5 23. dxc5 Qxc5 24. Rc1 O-O 25. Na4 Qxc2+ 26. Rxc2 Rxc2+ 27. Bxc2
b5 28. Nc3 Bxc3 29. bxc3 Rc8 30. Ke2 Rxc3 31. Kd2 Rxa3 32. Ne5 b4 33. Nd3 a5
34. Kc1 Rc3 35. Kb2 f6 36. g4 Kf7 37. Kc1 b3 0-1

[Event "Jack Taylor mrm."]
[Site "Sidney CAN"]
[Date "2023.11.12"]
[Round "5.1"]
[White "Williamson, Jason"]
[Black "Patterson, Roger"]
[Result "1-0"]
[WhiteElo "1874"]
[BlackElo "2014"]
[PlyCount "53"]
[EventDate "2023.11.11"]
[EventType "swiss"]
[EventRounds "5"]
[EventCountry "CAN"]

1. e4 c5 2. Nf3 e6 3. c3 Nf6 4. e5 Nd5 5. d4 cxd4 6. cxd4 d6 7. Nc3 Nxc3 8.
bxc3 Be7 9. Bd3 Nd7 10. exd6 Bxd6 11. Qc2 h6 12. O-O O-O 13. c4 b6 14. Bb2 Bb7
15. Be4 Qc7 16. Bxb7 Qxb7 17. d5 e5 18. Nh4 Nc5 19. Nf5 Qd7 20. f4 Rae8 21. Rf3
g6 22. Nxd6 Qxd6 23. fxe5 Rxe5 24. Bxe5 Qxe5 25. Raf1 Ne4 26. Rf4 f5 27. Qxe4
1-0

[Event "Jack Taylor mrm."]
[Site "Sidney CAN"]
[Date "2023.11.12"]
[Round "5.2"]
[White "Leong, Ryan"]
[Black "Allan, Phil"]
[Result "1-0"]
[WhiteElo "1897"]
[BlackElo "1665"]
[PlyCount "139"]
[EventDate "2023.11.11"]
[EventType "swiss"]
[EventRounds "5"]
[EventCountry "CAN"]

1. Nf3 d6 2. d4 g6 3. Bf4 Nf6 4. Nc3 Bg7 5. Qd2 Na6 6. Bh6 Bxh6 7. Qxh6 c5 8.
e3 Qa5 9. Qg7 Rg8 10. Bb5+ Bd7 11. Bxd7+ Kxd7 12. Qxf7 cxd4 13. exd4 Rgf8 14.
Qb3 Qb4 15. O-O Qxb3 16. axb3 Nb4 17. Rac1 Rac8 18. Rfe1 e6 19. Re2 Nbd5 20.
Nxd5 exd5 21. c4 Rfe8 22. Rec2 b6 23. h3 Re4 24. g4 h6 25. Kg2 g5 26. Rd1 Ke7
27. Rc3 Kf7 28. Rdd3 Rf4 29. Nd2 Ne4 30. Nxe4 dxe4 31. Re3 Kg6 32. b4 Rcf8 33.
Rc2 h5 34. gxh5+ Kxh5 35. Rce2 Re8 36. b5 d5 37. b3 Kg6 38. Ra2 Re7 39. Rc2 Rd7
40. c5 bxc5 41. Rxc5 Kf6 42. Rec3 Kf7 43. Rc7 Ke7 44. R3c5 Rf5 45. Kg3 Kd8 46.
Rc8+ Ke7 47. b4 Rf6 48. R8c7 Rf3+ 49. Kg2 Rf5 50. R5c6 Kd8 51. Rxd7+ Kxd7 52.
Ra6 Kc7 53. Rxa7+ Kb6 54. Ra5 Rf3 55. Ra8 Kxb5 56. Rg8 Rf5 57. Re8 Kc4 58. Re5
Rf3 59. Rxg5 Kxd4 60. h4 Rb3 61. h5 Rxb4 62. h6 Rb8 63. h7 Rh8 64. Rg7 Kc3 65.
Kf1 Kd3 66. Ke1 Ra8 67. Rg3+ Kd4 68. Rg8 Ra1+ 69. Ke2 Ra2+ 70. Kf1 1-0

[Event "Jack Taylor mrm."]
[Site "Sidney CAN"]
[Date "2023.11.12"]
[Round "5.3"]
[White "Mingrone, Peter"]
[Black "Moore, Jonathan"]
[Result "1-0"]
[WhiteElo "1725"]
[BlackElo "1646"]
[PlyCount "73"]
[EventDate "2023.11.11"]
[EventType "swiss"]
[EventRounds "5"]
[EventCountry "CAN"]

1. e4 e5 2. Nf3 Nc6 3. Nc3 Nf6 4. g3 d6 5. h3 Be7 6. Bg2 Be6 7. d4 exd4 8. Nxd4
Nxd4 9. Qxd4 O-O 10. O-O Qd7 11. Kh2 h6 12. f4 c5 13. Qd3 Qc7 14. Nb5 Qb6 15.
c4 Rad8 16. Nc3 Rfe8 17. b3 Bf8 18. Bb2 Qa6 19. g4 Nd7 20. Qg3 f6 21. h4 b6 22.
Nb5 Qb7 23. g5 hxg5 24. hxg5 a6 25. Na3 fxg5 26. Qxg5 Qc7 27. Kh1 Bf7 28. Nc2
Re6 29. f5 Rh6+ 30. Kg1 Nf6 31. Ne3 Be7 32. Ng4 Rh5 33. Qf4 Nxg4 34. Qxg4 Bg5
35. Rf3 Qe7 36. f6 Bxf6 37. Bxf6 1-0

[Event "Jack Taylor mrm."]
[Site "Sidney CAN"]
[Date "2023.11.12"]
[Round "5.4"]
[White "Matz, Amadeus Balthasar"]
[Black "Jillings, Duncan"]
[Result "1-0"]
[WhiteElo "1175"]
[BlackElo "1612"]
[PlyCount "113"]
[EventDate "2023.11.11"]
[EventType "swiss"]
[EventRounds "5"]
[EventCountry "CAN"]

1. d4 Nf6 2. c4 e6 3. Nc3 Bb4 4. Qc2 c5 5. Nf3 O-O 6. Bg5 d5 7. cxd5 cxd4 8.
Nxd4 e5 9. Ndb5 a6 10. Bxf6 gxf6 11. Qb3 Bc5 12. Na3 b5 13. Ne4 Bb6 14. Nc2 Bf5
15. Qf3 Bxe4 16. Qxe4 Nd7 17. e3 Nc5 18. Qg4+ Kh8 19. Rd1 Rg8 20. Qh4 f5 21.
Qxd8 Raxd8 22. g3 Rd6 23. b4 Ne4 24. Bh3 Nc3 25. Rd3 Nxd5 26. Bxf5 Rgd8 27. O-O
Ne7 28. Rxd6 Rxd6 29. Bg4 Rd2 30. Rc1 Nd5 31. a3 Kg7 32. Kf1 Ne7 33. Ke1 Rd6
34. Bf3 Rd7 35. Rd1 Rxd1+ 36. Kxd1 a5 37. Bb7 Kf6 38. Kd2 Ke6 39. Ba6 Kd6 40.
Bxb5 Nd5 41. Bc4 f6 42. Kd3 f5 43. f3 axb4 44. axb4 Bd8 45. Bxd5 Kxd5 46. e4+
fxe4+ 47. fxe4+ Kc6 48. Kc4 Bb6 49. b5+ Kd6 50. Nb4 Bg1 51. h3 Bf2 52. g4 Ke6
53. Nd5 Kf7 54. b6 Kg6 55. Ne7+ Kg5 56. b7 Ba7 57. Nc6 1-0

[Event "Jack Taylor mrm."]
[Site "Sidney CAN"]
[Date "2023.11.12"]
[Round "5.5"]
[White "Lorenz, Martin"]
[Black "Mu, Shaunavon"]
[Result "1/2-1/2"]
[WhiteElo "1424"]
[BlackElo "1222"]
[PlyCount "106"]
[EventDate "2023.11.11"]
[EventType "swiss"]
[EventRounds "5"]
[EventCountry "CAN"]

1. e4 e6 2. b3 d5 3. Bb2 dxe4 4. Nc3 Nf6 5. Qe2 Bb4 6. f3 exf3 7. Nxf3 Nc6 8.
O-O-O Qe7 9. h4 Ba3 10. d4 Nd5 11. Nxd5 Bxb2+ 12. Kxb2 exd5 13. Qd2 Be6 14. Ng5
O-O-O 15. Re1 Qf6 16. Nxe6 fxe6 17. c3 Rhf8 18. Bb5 Rd6 19. Rhf1 Qe7 20. Rxf8+
Qxf8 21. Rf1 Qe7 22. Qf2 Nd8 23. Qf8 Qxf8 24. Rxf8 c6 25. Be2 Kc7 26. Bg4 b6
27. Rg8 Rd7 28. Re8 Rf7 29. Bxe6 Nxe6 30. Rxe6 Rf2+ 31. Ka3 Rxg2 32. Re7+ Kb8
33. Re8+ Kb7 34. Re7+ Ka6 35. Rc7 Rg6 36. Re7 Rg3 37. Kb2 Rh3 38. Rxg7 Rxh4 39.
Rc7 Rh6 40. Kc1 b5 41. b4 Kb6 42. Re7 a5 43. a3 Rh1+ 44. Kb2 h5 45. Rh7 Rh2+
46. Kb1 h4 47. Rh6 Kc7 48. bxa5 h3 49. Rh7+ Kb8 50. a6 Rh1+ 51. Kb2 h2 52. Rb7+
Ka8 53. Rh7 Kb8 1/2-1/2

[Event "Ju Wenjun-A"]
[Site "Gatineau CAN"]
[Date "2023.10.31"]
[Round "1"]
[White "Arseneault, Michel"]
[Black "Lattafi, Youcef"]
[Result "1-0"]
[WhiteElo "1828"]
[BlackElo "1940"]
[PlyCount "63"]
[EventDate "2023.10.31"]
[EventType "swiss"]
[EventRounds "7"]
[EventCountry "CAN"]
[TimeControl "90+30"]

1. c4 f5 2. Nf3 Nf6 3. g3 e6 4. Bg2 Be7 5. O-O O-O 6. b3 d6 7. d3 e5 8. Nc3 Nc6
9. Nd5 Nxd5 10. cxd5 Nb4 11. Nd2 a5 12. a3 Na6 13. Qc2 Bg5 14. f4 Bf6 15. Bb2
exf4 16. gxf4 Qe7 17. Nc4 Nc5 18. Bxf6 Rxf6 19. b4 axb4 20. axb4 Rxa1 21. Rxa1
Na6 22. b5 Nc5 23. Ra8 Rf8 24. e4 Bd7 25. Rxf8+ Kxf8 26. b6 cxb6 27. e5 Bb5 28.
d4 Ne4 29. Bxe4 fxe4 30. Nxd6 Qh4 31. Qc8+ Ke7 32. Nf5+ 1-0

[Event "Ju Wenjun-A"]
[Site "Gatineau CAN"]
[Date "2023.10.31"]
[Round "1"]
[White "Filion, Yves"]
[Black "Legault, Stephane"]
[Result "1/2-1/2"]
[WhiteElo "1472"]
[BlackElo "1358"]
[PlyCount "146"]
[EventDate "2023.10.31"]
[EventType "swiss"]
[EventRounds "7"]
[EventCountry "CAN"]

1. e4 c5 2. c3 Nc6 3. d4 cxd4 4. cxd4 d6 5. Bb5 Bd7 6. Nf3 e5 7. d5 Nb8 8. Bd3
Nf6 9. h3 a5 10. Nc3 Na6 11. a3 Nc5 12. Bc2 Be7 13. Be3 b6 14. O-O O-O 15. Rc1
Qc8 16. Kh2 Ne8 17. b4 axb4 18. axb4 Na6 19. Bd3 Qb7 20. Qb3 f5 21. Nxe5 f4 22.
Nxd7 Qxd7 23. Bxb6 Qb7 24. Ba5 Nc5 25. Qb1 Nxd3 26. Qxd3 Bf6 27. Ne2 f3 28. Ng3
fxg2 29. Kxg2 Be5 30. Qc4 g6 31. Qc6 Qa7 32. Qb6 Qg7 33. Qc6 Ra7 34. Bb6 Ra2
35. Rc2 Ra3 36. Qc4 Raf3 37. Nf5 R3xf5 38. exf5 gxf5+ 39. Kf3 Kh8 40. Qh4 Qb7
41. Rc6 Qa6 42. Qc4 Qa3+ 43. Be3 f4 44. Ke2 fxe3 45. Ra6 Qb2+ 46. Kxe3 Bf4+ 47.
Ke4 Qe5+ 48. Kd3 Qg5 49. Qe4 Qh5 50. Qd4+ Be5 51. Qg4 Rf3+ 52. Ke2 Qxg4 53.
hxg4 Rf8 54. Ra8 Kg7 55. Ke3 Bf4+ 56. Kd3 Nc7 57. Ra7 Rf7 58. Kc4 Be5 59. Kb3
Kg6 60. f4 Bd4 61. Ra5 Re7 62. Kc2 Bb6 63. Raa1 Nxd5 64. b5 Rc7+ 65. Kd3 Nb4+
66. Ke4 Kf6 67. g5+ Ke6 68. f5+ Kf7 69. Rh1 Rc4+ 70. Kf3 Rc3+ 71. Kg4 Rc4+ 72.
Kf3 Rc3+ 73. Kg4 Rc4+ 1/2-1/2

[Event "Ju Wenjun-A"]
[Site "Gatineau CAN"]
[Date "2023.10.31"]
[Round "1"]
[White "Lecorre, Joel"]
[Black "Belanger, Paul"]
[Result "1-0"]
[WhiteElo "1532"]
[BlackElo "1462"]
[PlyCount "89"]
[EventDate "2023.10.31"]
[EventType "swiss"]
[EventRounds "7"]
[EventCountry "CAN"]

1. e4 e5 2. Bc4 Nf6 3. d4 Nc6 4. d5 Na5 5. Bd3 b6 6. Nf3 d6 7. Bd2 Nb7 8. b4 a5
9. c3 Bd7 10. Qe2 axb4 11. cxb4 Be7 12. O-O O-O 13. Rc1 Ne8 14. Nc3 f5 15. Rc2
fxe4 16. Nxe4 Ba4 17. Rc3 Bd7 18. Neg5 Bxg5 19. Bxg5 Qc8 20. Rac1 Bf5 21. Bb5
Bd7 22. Ba6 Ra7 23. Be7 Rf7 24. Bh4 Bg4 25. Bb5 Nf6 26. Bxf6 gxf6 27. h3 Bh5
28. Qc2 Nd8 29. Be8 Rg7 30. Bxh5 Qxh3 31. Bg6 Qg4 32. Nxe5 fxe5 33. Rg3 Qd7 34.
Bf5 Qe7 35. Bxh7+ Kh8 36. Rxg7 Qxg7 37. Be4 Nf7 38. Qc6 Ng5 39. Qe8+ Qg8 40.
Qh5+ Nh7 41. Rc3 c5 42. dxc6 Rc7 43. Rg3 Qf8 44. Qg6 Re7 45. Qxd6 1-0

[Event "Ju Wenjun-A"]
[Site "Gatineau CAN"]
[Date "2023.10.31"]
[Round "1"]
[White "Raymond, Daniel"]
[Black "Palsson, Halldor"]
[Result "0-1"]
[WhiteElo "1753"]
[BlackElo "1908"]
[PlyCount "70"]
[EventDate "2023.10.31"]
[EventType "swiss"]
[EventRounds "7"]
[EventCountry "CAN"]

1. e4 e6 2. d4 d5 3. Nd2 Nf6 4. e5 Nfd7 5. Bd3 c5 6. c3 Nc6 7. Ne2 cxd4 8. cxd4
f6 9. exf6 Nxf6 10. O-O Bd6 11. Nf3 Qc7 12. Bg5 O-O 13. Rc1 h6 14. Bh4 Nh5 15.
Nc3 a6 16. Re1 Nf4 17. Bb1 g5 18. Bg3 Qg7 19. a3 g4 20. Ne5 Nxe5 21. dxe5 Bxe5
22. Nxd5 exd5 23. Qc2 Bf5 24. Qb3 Bxb1 25. Rxb1 Rad8 26. Qe3 Bb8 27. Qb6 Rd7
28. Bxf4 Bxf4 29. Re6 Kh7 30. Rbe1 Qf7 31. Qb3 Bg5 32. Qc2+ Qf5 33. Qe2 Rdf7
34. Rf1 d4 35. Qc4 Rd7 0-1

[Event "Ju Wenjun-A"]
[Site "Gatineau CAN"]
[Date "2023.10.31"]
[Round "1"]
[White "Rioux, Jocelyn"]
[Black "Seguin, Hubert"]
[Result "1/2-1/2"]
[WhiteElo "1592"]
[BlackElo "1481"]
[PlyCount "127"]
[EventDate "2023.10.31"]
[EventType "swiss"]
[EventRounds "7"]
[EventCountry "CAN"]

1. d4 d5 2. Bf4 Bf5 3. e3 Nf6 4. Bb5+ c6 5. Be2 e6 6. Nf3 Bd6 7. Bg3 Bxg3 8.
hxg3 Nbd7 9. Nbd2 Qc7 10. Nh4 O-O-O 11. Nxf5 exf5 12. c4 Kb8 13. O-O h5 14. b4
h4 15. gxh4 Rxh4 16. g3 Rh7 17. Nf3 Ng4 18. Ng5 Nxf2 19. Kxf2 Rh2+ 20. Kf3 Nf6
21. cxd5 Nxd5 22. Bc4 Nxe3 23. Kxe3 Qxg3+ 24. Nf3 g5 25. Rg1 Qf2+ 26. Kd3 Rxd4+
27. Nxd4 Rh3+ 28. Nf3 Rxf3+ 29. Qxf3 Qxf3+ 30. Kd2 Qf4+ 31. Kd3 f6 32. Raf1
Qe4+ 33. Kc3 f4 34. Re1 Qf3+ 35. Kd2 Qf2+ 36. Kc3 f3 37. Rgf1 Qg3 38. Re8+ Kc7
39. Re7+ Kb6 40. a4 a6 41. a5+ Ka7 42. Rd1 Qf4 43. Rdd7 Qc1+ 44. Kb3 Qb1+ 45.
Kc3 Qc1+ 46. Kd4 Qd2+ 47. Ke4 Qxb4 48. Rxb7+ Qxb7 49. Rxb7+ Kxb7 50. Kxf3 f5
51. Bd3 c5 52. Bxf5 c4 53. Kg4 Kc6 54. Kxg5 Kb5 55. Kf4 Kxa5 56. Ke3 Kb4 57.
Kd2 Kb3 58. Kc1 a5 59. Bc2+ Kb4 60. Kb2 c3+ 61. Kc1 a4 62. Bxa4 Kxa4 63. Kc2
Kb4 64. Kc1 1/2-1/2

[Event "Ju Wenjun-A"]
[Site "Gatineau CAN"]
[Date "2023.10.31"]
[Round "1"]
[White "Thibault, Mario"]
[Black "Filion, Samuel"]
[Result "1-0"]
[WhiteElo "1631"]
[BlackElo "1499"]
[PlyCount "131"]
[EventDate "2023.10.31"]
[EventType "swiss"]
[EventRounds "7"]
[EventCountry "CAN"]

1. c4 c6 2. e4 e5 3. Nc3 Bb4 4. Nge2 d6 5. g3 Nf6 6. Bg2 O-O 7. h3 Nbd7 8. O-O
Re8 9. d3 Nf8 10. a3 Ba5 11. Be3 Be6 12. Kh2 Ng6 13. b4 Bb6 14. Qd2 Bxe3 15.
Qxe3 Qc7 16. b5 c5 17. a4 b6 18. Qd2 h6 19. Nd5 Bxd5 20. cxd5 a6 21. Nc3 a5 22.
Ne2 Rac8 23. Rac1 Qe7 24. Qe3 Rc7 25. Ng1 Rec8 26. Rc4 Rb7 27. Nf3 Qd7 28. Nd2
Ne8 29. Rcc1 Nc7 30. Nc4 Rd8 31. f4 f6 32. Bf3 Kh8 33. Bh5 Nf8 34. fxe5 dxe5
35. Rf2 Ne8 36. Rcf1 Nh7 37. Bg6 Nd6 38. Bxh7 Kxh7 39. Qf3 Kh8 40. Qh5 Nxc4 41.
dxc4 Qe8 42. Qh4 Rd6 43. g4 Qg6 44. Rf5 Kg8 45. Qg3 Rf7 46. Qf3 Kf8 47. h4 Ke8
48. h5 Qh7 49. Rxe5+ Kd8 50. Rf5 Re7 51. Qf4 Kd7 52. Rf2 Qh8 53. e5 fxe5 54.
Rxe5 Qe8 55. Qf5+ Kd8 56. Rxe7 Qxe7 57. Qf8+ Qxf8 58. Rxf8+ Ke7 59. Rf4 Ke8 60.
Kg3 Rd7 61. Kf3 Kd8 62. Ke4 Re7+ 63. Kf5 Rf7+ 64. Ke5 Rd7 65. Ke6 Ke8 66. Rf8+
1-0

[Event "Ju Wenjun-A"]
[Site "Gatineau CAN"]
[Date "2023.11.07"]
[Round "2"]
[White "Guimond, Michel"]
[Black "Thibault, Mario"]
[Result "1/2-1/2"]
[WhiteElo "1873"]
[BlackElo "1631"]
[PlyCount "69"]
[EventDate "2023.10.31"]
[EventType "swiss"]
[EventRounds "7"]
[EventCountry "CAN"]

1. e4 c5 2. b3 e5 3. Bb2 Nc6 4. Bc4 Nf6 5. Nc3 g6 6. d3 Bg7 7. Nge2 O-O 8. Nd5
a6 9. a4 Rb8 10. Nxf6+ Bxf6 11. Nc3 Bg7 12. h4 h6 13. h5 g5 14. Ne2 b5 15. axb5
axb5 16. Bd5 Nb4 17. c4 Nxd5 18. cxd5 d6 19. f3 f5 20. Ng3 Qb6 21. Bc3 Bd7 22.
Ba5 Qb7 23. b4 c4 24. O-O f4 25. Ne2 g4 26. dxc4 bxc4 27. Nc3 g3 28. Qe2 Rfc8
29. Rfc1 Be8 30. Na4 Qe7 31. Kf1 Bb5 32. Nc3 Be8 33. Ke1 Qa7 34. Kd2 Bf8 35.
Rh1 1/2-1/2